Quizzes
Events
Quiz Creation
Community
Videos
Private Events
Remove Ads
Sign In
Join for FREE
Feedback
Dark Mode
Quiz Categories
Sports
Geography
Music
Movies
Television
Just For Fun
Miscellaneous
History
Literature
Language
Science
Gaming
Entertainment
Religion
Holiday
For Kids
Quiz Lab
Recent
Popular Today
Quiz Kudos Today
Editor Picks
Curator Picks
Quizzes by...
Day
Popularity
Type
Ratings
Length
Year
Community
Subscriptions
Recent Discussions
Orange Saloon
Badges
Playlists
Quests
Create
Leaderboards
Showdown
Live 5
Trivia Bingo
Activity
Puzzle Library
Sporcle Events
Private Events
Virtual Trivia
Globe League
Become a Host
Pub Owners
SporcleCon
Opinionation
Our Games
Videos
Blog
Mobile Apps
Partnerships
Remove Ads and Go Orange
Feedback
Sports
Athletes
MLB
NBA
NHL
NFL
Soccer
Sports Teams
WWE
NCAA
Football
Premier League
Basketball
Baseball
Hockey
Golf
Tennis
Cricket
Rugby
Auto Racing
Olympics
World Cup
Sports
Athletes
MLB
NBA
NHL
NFL
Soccer
Sports Teams
WWE
NCAA
Football
Premier League
Basketball
Baseball
Hockey
Golf
Tennis
Cricket
Rugby
Auto Racing
Olympics
World Cup
Random Quiz
Search Sporcle
×
Quiz Lab
Quiz Lab
Sports
Bible
Type in answers that appear in a list
Type in answers that appear in a list
Classic
Best Score? Go Orange.
MLB Fielding Bible Awards 2006-2009 Stats
Can you name the MLB Fielding Bible Awards 2006-2009?
By
Knapster
5m
36 Questions
385 Plays
385 Plays
385 Plays
Comments
Comments
Give Quiz Kudos
Give Quiz Kudos
-
- Ratings
hide this ad
Replay
Link that replays current quiz
Next Quiz
Link to next quiz in quiz playlist
You Got
0%
They Got
Avg Score
41%
Avg Friend Score
Upgrade to see
Score Distribution
Jump to the score distribution portion of the page
Score
0/36
Timer
05:00
0
Plays Today
Year
Player
% Correct
2006
Ivan Rodriguez
77.1%
2006
Albert Pujols
76.1%
2007
Albert Pujols
76.1%
2008
Albert Pujols
76.1%
2009
Albert Pujols
76.1%
2006
Ichiro Suzuki
70.6%
2009
Ichiro Suzuki
70.6%
2006
Greg Maddux
67.8%
2007
Yadier Molina
60.5%
2008
Yadier Molina
60.5%
2009
Yadier Molina
60.5%
2007
Andruw Jones
56.6%
2008
Jimmy Rollins
54%
2006
Carlos Beltran
38.2%
2008
Carlos Beltran
38.2%
2006
Carl Crawford
36.9%
2008
Carl Crawford
36.9%
2009
Carl Crawford
36.9%
Year
Player
% Correct
2006
Adrian Beltre
34.5%
2008
Adrian Beltre
34.5%
2009
Ryan Zimmerman
33.2%
2006
Orlando Hudson
30.9%
2008
Franklin Gutierrez
27.3%
2009
Franklin Gutierrez
27.3%
2007
Troy Tulowitzki
23.9%
2008
Brandon Phillips
22.3%
2007
Aaron Hill
22.1%
2009
Aaron Hill
22.1%
2009
Mark Buehrle
21.6%
2007
Johan Santana
20.8%
2006
Adam Everett
20.5%
2008
Kenny Rogers
20.3%
2009
Jack Wilson
19.5%
2007
Pedro Feliz
16.4%
2007
Alex Rios
7.8%
2007
Eric Byrnes
4.4%
Quiz Playlist
Details
Report
Send in Message
Add To Playlist
Classic:
Type in answers that appear in a list
Last Updated: Feb 16, 2017
Quiz Scoreboard
CHALLENGE
Sign Up to Join the Scoreboard
Show All
Scores
Hide
Comments
May contain spoilers
Recently Published
An Introduction to Baseball
by treessimontrees
Sports
5m
Movies - When Are They Set?
by FPL_Elf
Movies
5m
Popular People in 1961
by mucciniale
History
6m
More to Explore
Quiz From the Vault
Featured Blog Post
Where Did the Easter Bunny Come From?
hide this ad
You Might Also Like...
Tags
Baseball Quiz
Bible Quiz
MLB Quiz
2000s
Award
Fielding
Player
team
Today's Top Quizzes in Sports
Browse Sports
hide this ad
Today's Top Quizzes in Bible
Browse Bible
Top Contributed Quizzes in Sports
1
Les meilleurs buteurs des matchs entre le PSG et l’OM
2
2022 World Cup Stars
3
FIFA Club World Cup Champions
4
Les entraîneurs de l'OM et du PSG au 21e siècle
5
Name the Premier League winners with different clubs
6
La finale Lions - Afrique du Sud 2021
7
England Test cricketers to play under Nasser Hussain
8
5-to-1: UK Sports Teams
9
Les joueurs passés par le LOSC et le RC Lens
10
Criteria MLB: Left Handed Sluggers
Explore More
Trending Topics
Marvel
Harry Potter
Crossword
Disney
NBA
Anime
Kpop
The Office
Country
Puzzle
WWE
NFL
Song
Soccer
Pokémon
hide this ad
More By:
Knapster
Quiz
Plays
Rating
Category
Featured
Created
MLB Teams Last MVP
249,308
4.50
Sports
Nov 9, 2009
Top 5 HR Leaders For Each MLB Team
8,782
4.32
Sports
Oct 20, 2009
NBA All Time Leaders
7,342
3.97
Sports
Nov 9, 2009
NBA Leaders for the 2000s
6,050
3.97
Sports
Nov 9, 2009
2009 NFL Opening Day QB Alma Maters
5,443
4.18
Sports
Sep 27, 2009
Go to Creator's Profile
Score Distribution
Quiz Creator Spotlight
Knapster
Follow
Send a Message
Quizzes Created
-
Created Quiz Play Count
-
More By This Creator
Popular Quizzes Today
1
Find the Countries of Europe - No Outlines Minefield
2
Find the US States - No Outlines Minefield
3
The Countries of the World
4
Popular People in 1961
5
Find the US States
6
US States
7
1-10 Letter E Words III
8
Risky Map Clicking: Biggest States A-Z
More Sports Quizzes
Champions League Winners Grid: Barcelona 2015
Quiz Lab
Trending Quizzes
Risky Map Clicking: Least Populous States A-Z
1-10 Letter F Words
1-10 Letter G Words
Not Quite an Element Typing Challenge
One Thing in Common: United Kingdom
Recently Updated
Leaping Animals
pecheneg
Reality TV Shows (A-Z)
bhenderson79
Rickey Henderson's Hall of Fame Teammates
pecheneg
Champions League XIs: Arsenal
pecheneg
Quick Pick: Celebrities in WWE's Hall of Fame
aduchscher
A-Z Keypad Blitz II
pecheneg
Multiple Oscar Actors
pecheneg
Mystery Phrase Blitz: Oscar 'Best Actors'
pecheneg
F. Scott Fitzgerald Novels
LTH
Pick 3 Villains
ddd62291
Trending Topics
Kpop
NBA
Disney
Crossword
Anime
Harry Potter
Marvel
WWE
NFL
The Office
Soccer
Puzzle
Country
Song
Pokémon
Your Account Isn't Verified!
In order to create a playlist on Sporcle, you need to verify the email address you used during registration. Go to your
Sporcle Settings
to finish the process.
Report this User
Report this user for behavior that violates our
Community Guidelines
.
Details:
Send Report
Go to the Sporcle.com Mobile Site →
Comments